000 00791nam a2200193Ii 4500
003 JO-AjNU
008 230605s9999||||xx |||||||||||||| ||und||
040 _aJO-AjNU
_bara
_erda
_cJO-AjNU
041 _aara
050 1 4 _aHF 5657.S226 2003
100 3 _aالصبان، محمد سمير / م.مشارك: اسماعيل ابراهيم جمعة، احمد محمد كامل,
_eauthor
_929052
245 0 0 _aالمحاسبة المتوسطة : الاطار الفكري والعملي للمحاسبة كنظام للمعلومات
264 3 1 _aالاسكندرية: الدار الجامعية،2003
300 _a440ص
336 _atext
_btxt
_2rdacontent
337 _aunmediated
_bn
_2rdamedia
338 _avolume
_bnc
_2rdacarrier
650 4 _aالمحاسبة المالية
_929053
999 _aA11345
_c14913
_d14913